[Event "GER-chT U16 Girls"]
[Site "Neumuenster"]
[Date "2022.12.29"]
[Round "5"]
[White "Frowein, Katja"]
[Black "Wu, Yvonne Yihan"]
[Result "1/2-1/2"]
[WhiteElo "1322"]
[BlackElo "1295"]
[PlyCount "76"]
[EventDate "2022.12.26"]
[EventType "team-swiss"]
[EventRounds "7"]
[EventCountry "GER"]
[SourceTitle "CBM 212 Extra"]
[Source "ChessBase"]
[SourceDate "2023.03.31"]
[SourceVersion "1"]
[SourceVersionDate "2023.03.31"]
[SourceQuality "1"]
[WhiteTeam "Garching"]
[BlackTeam "Hamburger SK"]
[WhiteTeamCountry "GER"]
[BlackTeamCountry "GER"]

1. c4 Nf6 2. Nf3 g6 3. d4 d6 4. Nc3 Bg7 5. g3 0-0 6. Bg2 Nbd7 7. Bg5 c6 8. 0-0 Qc7 9. e4 e5 10. d5 Ne8 11. Be7 Nb6 12. Bxf8 Kxf8 13. Qe2 Nf6 14. Rfc1 Bd7 15. b4 c5 16. bxc5 Qxc5 17. Nd2 Rc8 18. Nd1 Bg4 19. Bf3 Bxf3 20. Qxf3 Qb4 21. a3 Qxd2 22. Ne3 Bh8 23. Nf1 Qd4 24. Qb3 Nxe4 25. Ra2 Rxc4 26. Rd1 Qc5 27. Ne3 Rc3 28. Qb2 Rxa3 29. Rxa3 a6 30. Rc1 Qd4 31. Rb3 Na4 32. Rc8+ Kg7 33. Qxd4 exd4 34. Nc2 Nac5 35. Rf3 d3 36. Ne3 b5 37. Nd1 b4 38. Rc7 Ng5 1/2-1/2

[Event "GER-chT Christmas U20 Girls"]
[Site "Playchess.com INT"]
[Date "2020.12.29"]
[Round "2.2"]
[White "Bangsa, Citra"]
[Black "Frowein, Katja"]
[Result "1-0"]
[WhiteElo "1398"]
[BlackElo "1377"]
[PlyCount "99"]
[EventDate "2020.12.29"]
[EventType "team-swiss (blitz)"]
[EventRounds "7"]
[EventCountry "GER"]
[SourceTitle "CBM 200 Extra"]
[Source "ChessBase"]
[SourceDate "2021.03.31"]
[SourceVersion "1"]
[SourceVersionDate "2021.03.31"]
[SourceQuality "1"]
[WhiteTeam "Kelheim"]
[BlackTeam "Garching"]
[WhiteTeamCountry "GER"]
[BlackTeamCountry "GER"]

1. e4 c5 2. Nf3 d6 3. d4 cxd4 4. Nxd4 Nc6 5. Bb5 Bd7 6. Nxc6 Bxc6 7. Bxc6+ bxc6 8. 0-0 Nf6 9. Nc3 Qb6 10. Re1 g6 11. Na4 Qb5 12. b3 Bg7 13. Bb2 0-0 14. Qe2 Rab8 15. e5 Qxe2 16. Rxe2 Ng4 17. exd6 exd6 18. Bxg7 Kxg7 19. Re7 a5 20. Nb2 Rfe8 21. Ra7 Re2 22. f3 Rxc2 23. fxg4 Rxb2 24. Rxa5 c5 25. Ra4 d5 26. Rf4 Ra8 27. Rf2 Rxf2 28. Kxf2 Ra6 29. Ke3 Kf6 30. h4 Ke5 31. g3 f5 32. g5 c4 33. bxc4 dxc4 34. Rc1 Ra3+ 35. Kf2 Rxa2+ 36. Ke3 Ra3+ 37. Kf2 Kd4 38. Rd1+ Ke4 39. Re1+ Kd3 40. Re3+ Kd2 41. Rxa3 c3 42. Ra7 c2 43. Rd7+ Kc1 44. Ke2 Kb2 45. Rb7+ Kc1 46. Ke1 h5 47. gxh6 g5 48. h7 gxh4 49. h8Q hxg3 50. Qa1# 1-0

[Event "GER-chT Christmas U20 Girls"]
[Site "Playchess.com INT"]
[Date "2020.12.29"]
[Round "7.2"]
[White "Hubert, Charlotte"]
[Black "Frowein, Katja"]
[Result "0-1"]
[WhiteElo "1549"]
[BlackElo "1377"]
[PlyCount "64"]
[EventDate "2020.12.29"]
[EventType "team-swiss (blitz)"]
[EventRounds "7"]
[EventCountry "GER"]
[SourceTitle "CBM 200 Extra"]
[Source "ChessBase"]
[SourceDate "2021.03.31"]
[SourceVersion "1"]
[SourceVersionDate "2021.03.31"]
[SourceQuality "1"]
[WhiteTeam "Hamburger SK"]
[BlackTeam "Garching"]
[WhiteTeamCountry "GER"]
[BlackTeamCountry "GER"]

1. e4 c5 2. Nf3 d6 3. Bb5+ Bd7 4. Bxd7+ Qxd7 5. 0-0 Nf6 6. Re1 Nc6 7. c3 g6 8. d4 cxd4 9. cxd4 Bg7 10. Nc3 0-0 11. Be3 Rfe8 12. d5 Nb4 13. a3 Na6 14. Rc1 Ng4 15. Bd4 Nf6 16. b4 b6 17. Qd3 Nc7 18. e5 dxe5 19. Nxe5 Qd6 20. Nc4 Qd8 21. d6 Ne6 22. Bxf6 Bxf6 23. d7 Rf8 24. Ne4 a5 25. Nxf6+ exf6 26. Qd6 axb4 27. axb4 b5 28. Nb6 Ra6 29. Rc6 Kg7 30. g3 h5 31. Rxe6 fxe6 32. Rc8 Qxc8 0-1

[Event "GER-chT U14 Girls"]
[Site "Neumuenster"]
[Date "2019.12.30"]
[Round "7.5"]
[White "Frowein, Katja"]
[Black "Semenchenko, Simona"]
[Result "1-0"]
[WhiteElo "1271"]
[BlackElo "919"]
[PlyCount "43"]
[EventDate "2019.12.27"]
[EventType "team-swiss"]
[EventRounds "7"]
[EventCountry "GER"]
[SourceTitle "CBM 194 Extra"]
[Source "ChessBase"]
[SourceDate "2020.03.31"]
[SourceVersion "1"]
[SourceVersionDate "2020.03.31"]
[SourceQuality "1"]
[WhiteTeam "Garching"]
[BlackTeam "Muenchen Tarrasch"]
[WhiteTeamCountry "GER"]
[BlackTeamCountry "GER"]

1. e4 e6 2. d4 d5 3. exd5 exd5 4. Nf3 Nc6 5. c3 Bd6 6. Bd3 Nf6 7. 0-0 0-0 8. Bg5 h6 9. Bh4 Bg4 10. h3 Be6 11. Re1 Re8 12. Nbd2 a6 13. Ne5 Bd7 14. Bxf6 gxf6 15. Nxd7 Qxd7 16. Qh5 Kg7 17. Bf5 Qd8 18. Nf3 Ne7 19. Nh4 Nxf5 20. Nxf5+ Kh7 21. Qxf7+ Kh8 22. Qg7# 1-0